00447nam a2200181Ia 4500003000400000005001700004008004100021020001500062040000700077041000800084082002200092100001700114245004700131250000700178260005000185300001700235365001300252OSt20230609100611.0210423s2009 xx 000 0 und d a9788520164 cAL aeng a657.46 223bDATV aDATEY (V S). aTaxmanns indirect taxes: law and practice. a22 aNew DelhibTaxmann Publications Pvt Ltdc2009 ai-38,890bPB b495cINR